000 00556cam a2200193 4500
001 D10782
008 090401t1978 xxu||||| |||| 00| 0 eng d
035 _a(Sirsi) u96428
041 _aeng
050 _a692.50285
100 _aHawkins, M.J.
245 _aPossibility of linking a computer aided production system and a bills of quantity system
260 _c1978
350 _a0
520 _aIn: RICS. Computer aided design. Q.S. (Research and Development) Forum. 1978. 1978/54A
700 _aDavison, J.A.
942 _n0
948 _c04/03/1997
999 _c98663
_d98663